Top 10 Countries with the Highest Income Tax - Statistics

General Stats
  • This quiz has been taken 254 times
  • The average score is 7 of 10
Answer Stats
Income Tax Country % Correct
56.6% Sweden
89%
55.4% Denmark
85%
49.2% Finland
85%
50% United Kingdom
82%
52% Netherlands
76%
50% Belgium
73%
50% Austria
69%
48% Ireland
66%
50% Japan
53%
58.95% Aruba
7%
No matching quizzes found
Score Distribution
Percent of People with Each Score
Percentile by Number Answered
Your Score History
You have not taken this quiz